000 01075nam a22002777a 4500
005 20160714020003.0
008 150710b2014 ck ||||| |||| 00| 0 spa d
020 _a9789588753133
040 _aCO-BoIAVH
_cCO-BoIAVH
041 _aspa
044 _ack
082 0 4 _a306.340986
_bP11m
245 0 0 _aManejo forestal sostenible enplantaciones en la cuenca del rio Bita, Vichada, Colombia.
_beditado por Miguel Pacheco ...[et añl].
260 _aBogotá:
_bThe Nature Conservancy,
_bWWF,
_bFundación Natura,
_c2014.
300 _a214 p.
490 _aConsevación de la biodiversidad en predios productivos
_v4
650 4 _aAgricultura sostenible
_zVichada (Colombia)
650 4 _aPlantaciones forestales
_zVichada (Colombia)
651 _aColombia
662 _aColombia
_bDepartamento del Vichada
_cRío Bita
700 1 _aPacheco, Mauricio
_eeditor
700 1 _aPeñuela-Recio, Lourdes
_eeditora
700 1 _aSolano, Clara
_eeditora
700 1 _aGalán Flórez, Sandra Patricia
_eeditora
942 _2ddc
_cLIBRO
_01
999 _c17580
_d17580